Santiago Ramón y Cajal : (Record no. 182637)

MARC details
000 -LEADER
campo de control de longitud fija 01007nam a2200241 i 4500
001 - NÚMERO DE CONTROL
campo de control 182637
003 - IDENTIFICADOR DE NÚMERO DE CONTROL
campo de control ES-MaACL
005 - FECHA Y HORA DE LA ÚLTIMA TRANSACCIÓN
campo de control 20250827232303.0
008 - DATOS DE LONGITUD FIJA--INFORMACIÓN GENERAL
campo de control de longitud fija 131007s2012 sp a | |||||||| | spa d
020 ## - NÚMERO INTERNACIONAL ESTÁNDAR DEL LIBRO
Número Internacional Estándar del Libro 978-84-939918-3-8
080 ## - NÚMERO DE LA CLASIFICACIÓN DECIMAL UNIVERSAL
Número de la Clasificación Decimal Universal 929:61 Ramón y Cajal, Santiago
245 00 - MENCIÓN DEL TÍTULO
Título Santiago Ramón y Cajal :
Resto del título trabajo, saberes y arte en la investigación científica /
Mención de responsabilidad, etc. editor y coordinador de la monografía, Antonio Moreno González.
260 ## - PUBLICACIÓN, DISTRIBUCIÓN, ETC.
Lugar de publicación, distribución, etc. [Paracuellos de Jarama, Madrid] :
Nombre del editor, distribuidor, etc. ADEMAS,
Fecha de publicación, distribución, etc. [2012]
300 ## - DESCRIPCIÓN FÍSICA
Extensión 318 p. :
Otras características físicas il. col., gráf. ;
Dimensiones 24 cm.
490 1# - MENCIÓN DE SERIE
Mención de serie Docencia universitaria. Serie humanidades médicas
504 ## - NOTA DE BIBLIOGRAFÍA, ETC.
Nota de bibliografía, etc. Bibliografía: p. 276-318.
600 14 - PUNTO DE ACCESO ADICIONAL DE MATERIA--NOMBRE DE PERSONA
Nombre de persona Ramón y Cajal, Santiago,
Fechas asociadas al nombre 1852-1934-
Subdivisión general Biografías
9 (RLIN) 95228
700 1# - ENTRADA AGREGADA--NOMBRE PERSONAL
Nombre de persona Moreno González, Antonio.
9 (RLIN) 83381
830 10 - PUNTO DE ACCESO ADICIONAL DE SERIE-TÍTULO UNIFORME
Título uniforme Docencia universitaria.
Nombre de parte o sección de la obra Humanidades médicas
9 (RLIN) 223754
852 ## - LOCALIZACIÓN
Ubicación ES-MaACL
Número de control de estantería A-12876
itemnumber 189554
Sublocalización o colección R.149085
Ubicación en estantería Depósito 1
Signatura antigua Olim: N-5876
942 ## - ELEMENTOS DE ENTRADA SECUNDARIOS (KOHA)
Fuente del sistema de clasificación o colocación Clasificación decimal universal
Tipo de ítem Koha Libro impreso
Holdings
Estatus retirado Estado de pérdida Fuente del sistema de clasificación o colocación Estado de daño No para préstamo Biblioteca de origen Biblioteca actual Ubicación en estantería Fecha de adquisición Fuente de adquisición Total de préstamos Signatura topográfica completa Código de barras Visto por última vez Precio de reemplazo Tipo de ítem Koha
    Clasificación decimal universal     Biblioteca del Ateneo de Madrid Biblioteca del Ateneo de Madrid Depósito 1 07/10/2013 Donación   A-12876 1191938 23/02/2023 23/02/2023 Libro impreso